Statistics for SPANISH translation quiz

Click here to take the quiz!

General Stats

  • This quiz has been taken 354 times
  • The average score is 10 of 14

Answer Stats

HintAnswer% Correct
holahello
99%
aquawater
95%
si senoryes sir
92%
gatocat
89%
floresflowers
89%
como estashow are you
89%
lechemilk
88%
naranjaorange
87%
perodog
84%
cervesabeer
75%
endonde esta el banowhere is the bathroom
68%
que es la horawhat is the time
52%
comidadinner
23%
maranopig
6%

Score Distribution

Percentile by Number Answered

Percent of People with Each Score

Your Score History

You have not taken this quiz